Statistics for Countries entirely in Northern Hemisphere

Click here to take the quiz!

General Stats

  • This quiz has been taken 216 times
    (197 since last reset)
  • The average score is 121 of 153

Answer Stats

ContinentCountry% Correct
AsiaChina
92%
North AmericaUnited States
92%
North AmericaCanada
91%
EuropeUnited Kingdom
91%
AsiaRussia
90%
AfricaEgypt
89%
EuropeFinland
89%
EuropeFrance
89%
AsiaIndia
89%
EuropeNorway
89%
EuropePortugal
89%
EuropeSpain
89%
EuropeSweden
89%
AfricaAlgeria
88%
EuropeEstonia
88%
AsiaJapan
88%
AsiaTurkey
88%
AsiaIraq
87%
EuropeIreland
87%
North AmericaMexico
86%
AsiaMongolia
86%
AsiaPakistan
86%
AsiaAfghanistan
85%
EuropeAustria
85%
EuropeBelgium
85%
EuropeDenmark
85%
EuropeGermany
85%
EuropeIceland
85%
AsiaIran
85%
AsiaIsrael
85%
EuropeLatvia
85%
AfricaMorocco
85%
AfricaNiger
85%
EuropePoland
85%
AsiaSaudi Arabia
85%
EuropeVatican City
85%
EuropeAlbania
84%
EuropeAndorra
84%
AfricaNigeria
84%
AsiaNorth Korea
84%
EuropeUkraine
84%
AfricaChad
83%
AfricaLibya
83%
EuropeLithuania
83%
EuropeMonaco
83%
AsiaSyria
83%
EuropeAzerbaijan
82%
EuropeCroatia
82%
EuropeCzech Republic
82%
EuropeGreece
82%
EuropeHungary
82%
EuropeItaly
82%
AsiaKazakhstan
82%
EuropeLuxembourg
82%
AsiaOman
82%
North AmericaPanama
82%
EuropeRomania
82%
AsiaSouth Korea
82%
AsiaTurkmenistan
82%
AsiaVietnam
82%
AsiaYemen
82%
EuropeLiechtenstein
81%
EuropeMalta
81%
EuropeNetherlands
81%
EuropeSan Marino
81%
EuropeSerbia
81%
EuropeSwitzerland
81%
AsiaUnited Arab Emirates
81%
AsiaUzbekistan
81%
EuropeBelarus
80%
EuropeBosnia and Herzegovina
80%
North AmericaCuba
80%
North AmericaDominican Republic
80%
EuropeGeorgia
80%
South AmericaGuyana
80%
EuropeSlovakia
80%
EuropeSlovenia
80%
EuropeArmenia
79%
AsiaBhutan
79%
EuropeBulgaria
79%
North AmericaCosta Rica
79%
EuropeCyprus
79%
North AmericaDominica
79%
AsiaLaos
79%
AsiaLebanon
79%
AsiaNepal
79%
AfricaSudan
79%
South AmericaSuriname
79%
AsiaThailand
79%
AfricaTunisia
79%
AsiaKuwait
78%
AsiaKyrgyzstan
78%
EuropeMacedonia
78%
AsiaQatar
78%
AsiaSri Lanka
78%
South AmericaVenezuela
78%
North AmericaBahamas
77%
North AmericaEl Salvador
77%
North AmericaGuatemala
77%
AsiaBahrain
76%
North AmericaBelize
76%
AsiaCambodia
76%
North AmericaHaiti
76%
North AmericaHonduras
76%
North AmericaJamaica
76%
AsiaJordan
76%
AfricaMali
76%
EuropeMoldova
76%
AsiaPhilippines
76%
AfricaSouth Sudan
76%
AsiaTajikistan
76%
AfricaTogo
76%
AsiaMyanmar
75%
North AmericaBarbados
74%
EuropeMontenegro
74%
North AmericaNicaragua
74%
North AmericaAntigua and Barbuda
73%
AfricaEthiopia
73%
AfricaGuinea
73%
AsiaMalaysia
73%
AfricaMauritania
73%
AsiaBangladesh
72%
AfricaBenin
72%
AfricaGhana
72%
AfricaIvory Coast
72%
OceaniaMarshall Islands
72%
AfricaSenegal
72%
North AmericaSaint Lucia
71%
North AmericaTrinidad and Tobago
71%
AfricaDjibouti
70%
AfricaGuinea-Bissau
70%
North AmericaSaint Kitts and Nevis
70%
AsiaBrunei
69%
AfricaCentral African Republic
69%
AfricaEritrea
69%
AfricaLiberia
69%
North AmericaSaint Vincent and the Grenadines
69%
AsiaTaiwan
69%
AfricaGambia
68%
OceaniaPalau
68%
AfricaCameroon
66%
North AmericaGrenada
66%
AsiaSingapore
66%
OceaniaMicronesia
65%
AfricaBurkina
64%
AfricaCape Verde
63%
AfricaSierra Leone
61%
AsiaMaldives
60%
AfricaEquatorial Guinea
47%

Score Distribution

Percentile by Number Answered

Percent of People with Each Score

Your Score History

You have not taken this quiz since the last reset